Statistics for Top 10 Countries with the Most Starbucks

Click here to take the quiz!

General Stats

  • This quiz has been taken 19,804 times
    (19,590 since last reset)
  • The average score is 7 of 10

Answer Stats

Stores Country % Correct
13,327United States
100%
2,359Canada
97%
884United Kingdom
95%
2,500China
92%
531Mexico
90%
1,191Japan
87%
985South Korea
60%
300Philippines
31%
398Taiwan
30%
408Turkey
28%

Score Distribution

Percentile by Number Answered

Percent of People with Each Score

Your Score History

You have not taken this quiz since the last reset